K riadeniu úverového rizika

Pokračovanie príspevku z predchádzajúceho čísla. Finančná analýza klienta je najdôležitejšou súčasťou hodnotenia bonity klienta, poskytuje banke informácie o finančnom zdraví podniku a má najväčšiu váhu pri konečnom rozhodnutí o poskytnutí alebo neposkytnutí úveru. Jej vykonaním banka eliminuje možn...

Ausführliche Beschreibung

Gespeichert in:
Bibliographische Detailangaben
1. Verfasser: Poláková, Petra
Format: Buchkapitel
Sprache:Slowakisch
Schlagworte:
Tags: Tag hinzufügen
Keine Tags, Fügen Sie das erste Tag hinzu!

MARC

LEADER 00000nla a2200000 4500
001 0185060
005 20240208121324.2
041 0 |a slo 
044 |a SK 
245 1 0 |a K riadeniu úverového rizika  |c Petra Poláková 
520 |a Pokračovanie príspevku z predchádzajúceho čísla. Finančná analýza klienta je najdôležitejšou súčasťou hodnotenia bonity klienta, poskytuje banke informácie o finančnom zdraví podniku a má najväčšiu váhu pri konečnom rozhodnutí o poskytnutí alebo neposkytnutí úveru. Jej vykonaním banka eliminuje možné riziko klientovej neschopnosti splácania úveru. Jej hlavnou úlohou je posúdenie finančnej situácie vo firme a preukázať ekonomickú návratnosť požičaných prostriedkov na základe analýzy definovaných finančných ukazovateľov dlžníka a tým získať podklady pre rozhodnutie banky či úver žiadateľovi poskytne, v akej výške a za akých podmienok. 
610 2 0 |a analýza finančná 
610 2 0 |a riadenie rizík 
610 2 0 |a účtovníctvo finančné 
610 2 0 |a diagnostika podniková 
610 2 0 |a riziko úverové 
100 1 |a Poláková, Petra